Hey Líl D! : (Record no. 7205)
[ view plain ]
| 000 -LEADER | |
|---|---|
| fixed length control field | 01068nam a22003017a 4500 |
| 001 - CONTROL NUMBER | |
| control field | 7205 |
| 003 - CONTROL NUMBER IDENTIFIER | |
| control field | FISKH |
| 005 - DATE AND TIME OF LATEST TRANSACTION | |
| control field | 20250702135917.0 |
| 008 - FIXED-LENGTH DATA ELEMENTS--GENERAL INFORMATION | |
| fixed length control field | 250702b cb ||||| |||| 00| 0 eng d |
| 020 ## - INTERNATIONAL STANDARD BOOK NUMBER | |
| International Standard Book Number | 9780439408998 |
| 040 ## - CATALOGING SOURCE | |
| Original cataloging agency | FISKH |
| Language of cataloging | eng |
| Transcribing agency | FISKH |
| Modifying agency | FISKH |
| 050 ## - LIBRARY OF CONGRESS CALL NUMBER | |
| Classification number | PZ7.L272 I |
| 082 ## - DEWEY DECIMAL CLASSIFICATION NUMBER | |
| Classification number | 813 |
| 100 ## - MAIN ENTRY--PERSONAL NAME | |
| Personal name | Lanier, Bob |
| Dates associated with a name | (–2022) |
| 245 ## - TITLE STATEMENT | |
| Title | Hey Líl D! : |
| Remainder of title | It's all in the name / |
| Statement of responsibility, etc. | By Bob Lanier and Heather Goodyear ; Illustrated by Desire Grover |
| 250 ## - EDITION STATEMENT | |
| Edition statement | This edition first published in 2003 |
| 260 ## - PUBLICATION, DISTRIBUTION, ETC. | |
| Place of publication, distribution, etc. | New York : |
| Name of publisher, distributor, etc. | Scholastic, |
| Date of publication, distribution, etc. | 2003 |
| 300 ## - PHYSICAL DESCRIPTION | |
| Extent | 83 pages : |
| Other physical details | illustrations ; |
| Dimensions | 20 cm |
| 505 ## - FORMATTED CONTENTS NOTE | |
| Formatted contents note | R<br/> |
| 520 ## - SUMMARY, ETC. | |
| Summary, etc. | "Hey L'il D! why do they call you 'feet?' Because L'il Dobber has got some big feet! And the kids at school think it's funny to tease him about it. L'il Dobber doesn't like that at all ..."<br/> |
| 521 8# - TARGET AUDIENCE NOTE | |
| Target audience note | 780<br/> |
| Source | Lexile<br/> |
| 521 8# - TARGET AUDIENCE NOTE | |
| Target audience note | R<br/> |
| Source | Raz-Plus<br/> |
| 650 ## - SUBJECT ADDED ENTRY--TOPICAL TERM | |
| Source of heading or term | Basketball |
| Topical term or geographic name entry element | Sports stories |
| 650 ## - SUBJECT ADDED ENTRY--TOPICAL TERM | |
| Source of heading or term | Title I |
| Topical term or geographic name entry element | Readers Workshop |
| 700 ## - ADDED ENTRY--PERSONAL NAME | |
| Personal name | Grover, Desire |
| Dates associated with a name | illustrator |
| 942 ## - ADDED ENTRY ELEMENTS (KOHA) | |
| Source of classification or shelving scheme | Dewey Decimal Classification |
| Koha item type | Books |
| Suppress in OPAC | No |
| Withdrawn status | Lost status | Source of classification or shelving scheme | Damaged status | Not for loan | Collection | Home library | Current library | Shelving location | Date acquired | Total Checkouts | Full call number | Barcode | Date last seen | Copy number | Price effective from | Koha item type |
|---|---|---|---|---|---|---|---|---|---|---|---|---|---|---|---|---|
| Dewey Decimal Classification | Juvenile Fiction | Footprints International School Library Network Toul Tom Poung Campus | Footprints International School Library Network Toul Tom Poung Campus | TTP Primary Orange Bookshelves | 07/02/2025 | LAN 813 PZ7.L272 I | FISBK00251 | 07/02/2025 | 1 | 07/02/2025 | Books |
